00905nam a2200217 i 4500001001100000003000500011005001700016008004100033040002500074245001800099264005800117336002100175337002500196338002300221500024500244700001100489700002900500942001300529999001900542952012600561C2-0341799PPAK20180729001423.0170614s2003 my |||| ||||| | may d aPPAKbengcPPAKerda10aCinta 3 musim 1aKuala Lumpur : bWayang Tinggi Entertainment , c2003 2rdacontentatext 2rdamediaaunmediated 2rdacarrieravolume aSummaries : Ayuni dan Imran menjumpai cinta sejati. Namun cinta mereka terhalang dan terpaksa berpisah. Lima tahun kemudian ... mereka bertemu lagi. Ayuni dan Imran kini hampir pasti mereka dicipta untuk bersama. Dilemmanya Imrasn sudah pun eauthor0 aAziz M. Osman, ecompile 2ddccVCD c167950d167950 00102ddc4070aPPAKbPPAKcGd2017-08-29g0.00l0o791.4372 AZIpA00731488r2018-07-05 00:00:00v10.00w2018-07-05yVCD